000 00679nam a22001577a 4500
003 JO-AjAnu
005 20231204102955.0
008 231204b jo ||||| |||| 00| 0 ara d
040 _bARA
_cJO-AjAnu
_dANU
100 _aالبشيبشي، حلمي عبد الفتاح
_964625
_eمؤلف
245 _aمحاسبة المنشآت المتخصصة :
_bالبنوك.شركات التأمين.الجمعيات التعاونية في دولة قطر /
_cحلمي عبد الفتاح البشيبشي
260 _aقطر :
_bجامعة قطر،
_c1990
300 _a425 صفحه
600 _dالمحاسبة-الشركات-البنوك-القطاع الخاص
942 _2lcc
_cBK
_n0
999 _c33244
_d33244